[Event "Tradewise Gibraltar AmatWk2"]
[Site "Gibraltar"]
[Date "2017.01.30"]
[Round "3.10"]
[White "Shehzad, Shazil"]
[Black "Robles, Bryan"]
[Result "1-0"]
[WhiteElo "1783"]
[BlackElo "1711"]
[PlyCount "57"]
[EventDate "2017.01.28"]
[EventType "swiss"]
[EventRounds "5"]
[EventCountry "GGB"]
[SourceTitle "BritBase"]
[Source "www.saund.co.uk"]
[SourceDate "2018.02.10"]
[SourceVersion "1"]
[SourceVersionDate "2018.02.10"]
[SourceQuality "1"]

1. e4 e5 2. Nf3 Nc6 3. d4 exd4 4. Nxd4 d6 5. Nc3 Bd7 6. Be3 Nf6 7. f3 Be7 8.
Qd2 Ne5 9. O-O-O a6 10. Kb1 b5 11. Qf2 b4 12. Nce2 c5 13. Nf5 Bxf5 14. exf5 Qc7
15. g4 h6 16. h3 c4 17. f4 Ned7 18. Bg2 Rb8 19. g5 hxg5 20. fxg5 Nh5 21. Rhe1
Ne5 22. Nd4 c3 23. b3 Qa5 24. Nc6 Nxc6 25. Bxc6+ Kf8 26. Rd5 Qd8 27. Ba7 Bxg5
28. Bxb8 Bh4 29. Qxh4 1-0

[Event "Tradewise Gibraltar AmatWk2"]
[Site "Gibraltar"]
[Date "2017.01.30"]
[Round "3.12"]
[White "Longdin, Michael"]
[Black "Walker, Gordon J"]
[Result "0-1"]
[WhiteElo "1836"]
[BlackElo "1547"]
[PlyCount "68"]
[EventDate "2017.01.28"]
[EventType "swiss"]
[EventRounds "5"]
[EventCountry "GGB"]
[SourceTitle "BritBase"]
[Source "www.saund.co.uk"]
[SourceDate "2018.02.10"]
[SourceVersion "1"]
[SourceVersionDate "2018.02.10"]
[SourceQuality "1"]

1. d4 e6 2. e3 Nf6 3. Nf3 d5 4. Bd3 b6 5. c4 c5 6. Nc3 Nbd7 7. e4 dxe4 8. Nxe4
Bb7 9. Nxf6+ Nxf6 10. Bg5 Be7 11. dxc5 Bxc5 12. Qe2 Bb4+ 13. Kf1 h6 14. Bh4 O-O
15. Rd1 Qe7 16. a3 Bd6 17. Ne5 g5 18. Bg3 Rac8 19. h4 Kg7 20. hxg5 hxg5 21. Qe3
Rg8 22. Qxg5+ Kf8 23. Qh6+ Ke8 24. Re1 Bxe5 25. Rxe5 Ng4 26. Qh7 Nxe5 27. Qxg8+
Kd7 28. Qh7 Nxc4 29. Bxc4 Rxc4 30. Qd3+ Bd5 31. Ke2 Re4+ 32. Kf1 Qc5 33. Kg1
Qc1+ 34. Kh2 Qh6+ 0-1

[Event "Tradewise Gibraltar AmatWk2"]
[Site "Gibraltar"]
[Date "2017.01.30"]
[Round "3.13"]
[White "Gaspar, Ioan-Dan"]
[Black "Densing, Gerd"]
[Result "0-1"]
[WhiteElo "1579"]
[BlackElo "1807"]
[PlyCount "128"]
[EventDate "2017.01.28"]
[EventType "swiss"]
[EventRounds "5"]
[EventCountry "GGB"]
[SourceTitle "BritBase"]
[Source "www.saund.co.uk"]
[SourceDate "2018.02.10"]
[SourceVersion "1"]
[SourceVersionDate "2018.02.10"]
[SourceQuality "1"]

1. c4 e6 2. g3 c5 3. Bg2 Nc6 4. Nc3 a6 5. a3 Nf6 6. e4 d6 7. Nge2 e5 8. d3 Be7
9. O-O O-O 10. h3 Be6 11. Nd5 Bxd5 12. cxd5 Nd4 13. f4 Nxe2+ 14. Qxe2 Nd7 15.
Kh2 b5 16. Be3 Rc8 17. b4 Bf6 18. Ra2 Qe7 19. Rb1 Rc7 20. a4 exf4 21. gxf4 cxb4
22. axb5 axb5 23. d4 Rc4 24. Qd2 Nb6 25. Rxb4 Rxb4 26. Qxb4 Nxd5 27. Qd2 Nxe3
28. Qxe3 Rb8 29. e5 dxe5 30. dxe5 Bh4 31. Ra7 Qb4 32. e6 fxe6 33. Qe5 Qf8 34.
Qxe6+ Kh8 35. Rf7 Qd8 36. Qg4 Bf6 37. Rd7 Qe8 38. Bc6 b4 39. Rb7 Qf8 40. Rxb8
Qxb8 41. Qf5 Qf8 42. Be4 g6 43. Qe6 Kg7 44. Kg3 Bc3 45. f5 g5 46. Kg4 Qf6 47.
Qxf6+ Kxf6 48. Bc2 h6 49. Kh5 Kg7 50. h4 Bd2 51. hxg5 hxg5 52. Bb3 Kf6 53. Kg4
Bc3 54. Be6 Be5 55. Kf3 Bd6 56. Kg4 Be7 57. Kh5 Ke5 58. Kg4 Bf6 59. Kh5 Kf4 60.
Kg6 Bd8 61. Kh5 g4 62. f6 g3 63. f7 Be7 64. Kg6 g2 0-1

[Event "Tradewise Gibraltar AmatWk2"]
[Site "Gibraltar"]
[Date "2017.01.30"]
[Round "3.14"]
[White "Oliva Parra, Ernesto"]
[Black "Ford, Clifton P"]
[Result "0-1"]
[WhiteElo "1578"]
[BlackElo "1781"]
[PlyCount "82"]
[EventDate "2017.01.28"]
[EventType "swiss"]
[EventRounds "5"]
[EventCountry "GGB"]
[SourceTitle "BritBase"]
[Source "www.saund.co.uk"]
[SourceDate "2018.02.10"]
[SourceVersion "1"]
[SourceVersionDate "2018.02.10"]
[SourceQuality "1"]

1. e4 e6 2. d4 d5 3. e5 c5 4. c3 Nc6 5. Nf3 Bd7 6. Nbd2 cxd4 7. cxd4 Qb6 8. Nb3
a5 9. a4 Bb4+ 10. Bd2 Bxd2+ 11. Nbxd2 Nxd4 12. Be2 Nxe2 13. Qxe2 Ne7 14. b3 Rc8
15. O-O O-O 16. Qd3 Ng6 17. Rfe1 Nf4 18. Qb1 Rc3 19. Ng5 g6 20. Qd1 h6 21. Ngf3
Nd3 22. Rf1 Rfc8 23. Qe2 Nc1 24. Qd1 Nxb3 25. Nxb3 Rxb3 26. Qd2 Kg7 27. h3 Qb4
28. Qd4 Qxd4 29. Nxd4 Rb4 30. Nf3 Bxa4 31. Rfe1 Rc2 32. Reb1 Rxb1+ 33. Rxb1 Bc6
34. Nd4 Rc4 35. Rd1 a4 36. Rd2 b5 37. Kf1 b4 38. Ke2 a3 39. Nb3 Re4+ 40. Kf3
Rxe5 41. Nc5 d4+ 0-1

[Event "Tradewise Gibraltar AmatWk2"]
[Site "Gibraltar"]
[Date "2017.01.30"]
[Round "3.15"]
[White "Lopez Diaz, Rafael"]
[Black "Lapusan, Razvan"]
[Result "0-1"]
[WhiteElo "1779"]
[BlackElo "1525"]
[PlyCount "89"]
[EventDate "2017.01.28"]
[EventType "swiss"]
[EventRounds "5"]
[EventCountry "GGB"]
[SourceTitle "BritBase"]
[Source "www.saund.co.uk"]
[SourceDate "2018.02.10"]
[SourceVersion "1"]
[SourceVersionDate "2018.02.10"]
[SourceQuality "1"]

1. f4 e6 2. Nf3 Nf6 3. g3 c5 4. Bg2 d5 5. c3 Nc6 6. d3 Bd6 7. O-O Qc7 8. Na3 a6
9. Bd2 b5 10. Nc2 Bb7 11. a4 O-O 12. Nh4 d4 13. e4 dxe3 14. Nxe3 Rfd8 15. axb5
axb5 16. Qc2 Ne7 17. Rxa8 Rxa8 18. Bxb7 Qxb7 19. Qb3 Qc6 20. Qd1 Ng6 21. Nf3
Qd7 22. Qc2 Bf8 23. d4 Rd8 24. f5 exf5 25. Nxf5 h6 26. Be3 Ng4 27. Bc1 Ne7 28.
Nxe7+ Qxe7 29. h3 Ne3 30. Bxe3 Qxe3+ 31. Kg2 Qe6 32. Ne5 Qd5+ 33. Nf3 Rc8 34.
Kh2 cxd4 35. Qd3 Qb3 36. Rf2 dxc3 37. Nd4 Qc4 38. Qxc4 Rxc4 39. bxc3 b4 40. Nc2
Rxc3 41. Nd4 Bc5 42. Rd2 Bxd4 43. Rxd4 Rc2+ 44. Kg1 b3 45. Rd8+ 0-1

[Event "Tradewise Gibraltar AmatWk2"]
[Site "Gibraltar"]
[Date "2017.01.30"]
[Round "3.16"]
[White "Davies, Cledwyn"]
[Black "Bauer, Dieter"]
[Result "0-1"]
[WhiteElo "1572"]
[BlackElo "1772"]
[PlyCount "121"]
[EventDate "2017.01.28"]
[EventType "swiss"]
[EventRounds "5"]
[EventCountry "GGB"]
[SourceTitle "BritBase"]
[Source "www.saund.co.uk"]
[SourceDate "2018.02.10"]
[SourceVersion "1"]
[SourceVersionDate "2018.02.10"]
[SourceQuality "1"]

1. d4 Nf6 2. Nf3 d6 3. g3 g6 4. Bg2 Bg7 5. O-O O-O 6. Nbd2 c5 7. e4 cxd4 8.
Nxd4 a6 9. N2b3 Nbd7 10. Bd2 Nc5 11. Ba5 Qd7 12. Re1 Nxb3 13. axb3 Rb8 14. Bb6
Qe8 15. Bc7 Ra8 16. Qd3 Qd7 17. Bb6 Ne8 18. c4 e5 19. Nb5 Qc6 20. Be3 Be6 21.
Red1 Rd8 22. Nc3 Qd7 23. Bb6 Rc8 24. c5 Bxb3 25. Nd5 Bxd1 26. Rxd1 Kh8 27. Qf1
Qb5 28. Qxb5 axb5 29. cxd6 Nxd6 30. Ne7 Rce8 31. Bc5 Rxe7 32. Bxd6 Rd7 33. Bh3
f5 34. Rd5 Rfd8 35. Bxe5 Rxd5 36. Bxg7+ Kxg7 37. exd5 Rd6 38. Bg2 Kf6 39. f4
Ke7 40. Kf2 Rb6 41. Ke3 Kd6 42. Kd4 Ra6 43. b4 Ra2 44. Bf1 Rd2+ 45. Kc3 Rxh2
46. Bxb5 Kxd5 47. Bc4+ Ke4 48. Bf7 Rh3 49. Kc4 Rxg3 50. Kc5 Kxf4 51. b5 Rc3+
52. Kb6 Re3 53. Bd5 Ke5 54. Bxb7 Kd6 55. Bc6 Rb3 56. Ka5 Kc5 57. Ka4 Rb4+ 58.
Ka3 f4 59. Be8 f3 60. Bc6 f2 61. Bg2 0-1

[Event "Tradewise Gibraltar AmatWk2"]
[Site "Gibraltar"]
[Date "2017.01.30"]
[Round "3.17"]
[White "Ocana, Jeremy"]
[Black "Alonso Prieto, Victor"]
[Result "1-0"]
[WhiteElo "1733"]
[BlackElo "1507"]
[PlyCount "143"]
[EventDate "2017.01.28"]
[EventType "swiss"]
[EventRounds "5"]
[EventCountry "GGB"]
[SourceTitle "BritBase"]
[Source "www.saund.co.uk"]
[SourceDate "2018.02.10"]
[SourceVersion "1"]
[SourceVersionDate "2018.02.10"]
[SourceQuality "1"]

1. d4 Nf6 2. Bf4 g6 3. e3 Bg7 4. Nf3 O-O 5. h3 d6 6. Nc3 Nbd7 7. Bc4 b6 8. Qe2
Bb7 9. Ba6 Qc8 10. Bxb7 Qxb7 11. a4 Ne4 12. O-O Nxc3 13. bxc3 Nf6 14. Nd2 Rfe8
15. Qf3 Qxf3 16. Nxf3 Nd5 17. Ra3 Rad8 18. Bg3 Nf6 19. Bh4 Rc8 20. Bxf6 Bxf6
21. e4 c5 22. e5 dxe5 23. dxe5 Bg7 24. c4 Red8 25. a5 Rc6 26. Rb1 f6 27. axb6
axb6 28. Ra7 fxe5 29. Rxe7 Kf8 30. Nxe5 Bxe5 31. Rxe5 Re8 32. Rd5 Re4 33. Rd7
Re7 34. Rd8+ Kg7 35. f3 Rce6 36. Rb2 Ra7 37. Rd3 Ra4 38. Rc3 Rc6 39. Rd3 Re6
40. Rc3 Rd6 41. Kf2 Rd2+ 42. Ke3 Rd4 43. Rxb6 Raxc4 44. Rxc4 Rxc4 45. Rb2 Kf6
46. g3 Rc3+ 47. Ke4 Rc4+ 48. Kd3 Rd4+ 49. Kc3 Ra4 50. Rb3 h5 51. Rb5 Ra3+ 52.
Kc4 Rxf3 53. Rb3 Rf2 54. Rc3 Rf5 55. Rd3 Rf2 56. c3 Rh2 57. h4 Rg2 58. Kxc5 Re2
59. c4 Re5+ 60. Kc6 Ra5 61. Rd6+ Kf7 62. Rd5 Ra1 63. Kd7 Ra7+ 64. Kc6 Ra2 65.
c5 Ra3 66. Rg5 Rc3 67. Kc7 Kf6 68. c6 Rc1 69. Kb6 Rb1+ 70. Rb5 Rc1 71. c7 Rc3
72. Rc5 1-0

[Event "Tradewise Gibraltar AmatWk2"]
[Site "Gibraltar"]
[Date "2017.01.30"]
[Round "3.18"]
[White "Shehzad, Alisha"]
[Black "White, Gary"]
[Result "1-0"]
[WhiteElo "1556"]
[BlackElo "1716"]
[PlyCount "95"]
[EventDate "2017.01.28"]
[EventType "swiss"]
[EventRounds "5"]
[EventCountry "GGB"]
[SourceTitle "BritBase"]
[Source "www.saund.co.uk"]
[SourceDate "2018.02.10"]
[SourceVersion "1"]
[SourceVersionDate "2018.02.10"]
[SourceQuality "1"]

1. e4 b6 2. d4 e6 3. a3 Bb7 4. Nc3 Be7 5. Nf3 d6 6. Be3 Nd7 7. Bd3 Ngf6 8. O-O
h6 9. Re1 c5 10. h3 d5 11. exd5 Nxd5 12. Nxd5 Bxd5 13. Qe2 Qc7 14. b3 O-O 15.
Bc4 Bxf3 16. Qxf3 Bf6 17. Rad1 cxd4 18. Bxd4 Rad8 19. Bxf6 Nxf6 20. Rxd8 Rxd8
21. Rd1 Rd7 22. Rxd7 Nxd7 23. Bd3 g6 24. Qe4 Nc5 25. Qd4 Qe7 26. b4 Nd7 27. Bb5
Nf6 28. Bc4 e5 29. Qe3 Kg7 30. Bb3 Qd6 31. c4 Nd7 32. Qf3 f5 33. Qb7 Kf6 34.
Qxa7 e4 35. Ba4 Ne5 36. c5 bxc5 37. bxc5 Qd4 38. Qa6+ Kg5 39. c6 e3 40. fxe3
Qxe3+ 41. Kh2 Kh4 42. Qf1 Nd3 43. Qf3 Qd2 44. Bd1 Kg5 45. Qg3+ Kf6 46. Qd6+ Kg5
47. h4+ Kxh4 48. Qg3# 1-0

[Event "Tradewise Gibraltar AmatWk2"]
[Site "Gibraltar"]
[Date "2017.01.30"]
[Round "3.19"]
[White "Savage, Neil"]
[Black "Olde, Karl Erik"]
[Result "1-0"]
[WhiteElo "1705"]
[BlackElo "1352"]
[PlyCount "99"]
[EventDate "2017.01.28"]
[EventType "swiss"]
[EventRounds "5"]
[EventCountry "GGB"]
[SourceTitle "BritBase"]
[Source "www.saund.co.uk"]
[SourceDate "2018.02.10"]
[SourceVersion "1"]
[SourceVersionDate "2018.02.10"]
[SourceQuality "1"]

1. e4 c5 2. Nc3 Nc6 3. f4 g6 4. Bb5 Bg7 5. Bxc6 bxc6 6. Nf3 e6 7. d3 Ne7 8. O-O
O-O 9. Qe1 d5 10. e5 Nf5 11. Qf2 d4 12. Ne4 Qe7 13. g4 Nh6 14. h3 Kh8 15. Nfd2
Ba6 16. Nd6 f6 17. Qg3 fxe5 18. fxe5 Nf7 19. Nxf7+ Rxf7 20. Rxf7 Qxf7 21. Ne4
Rf8 22. Bg5 c4 23. dxc4 Qf3 24. Qxf3 Rxf3 25. Kg2 Rf8 26. Rd1 Bxe5 27. Nc5 Bxc4
28. Nd7 Bd5+ 29. Kg1 Bf4 30. Nxf8 Bxg5 31. Rd3 e5 32. Kf2 Be3+ 33. Rxe3 dxe3+
34. Kxe3 Bg2 35. h4 Bh3 36. Nd7 e4 37. Ne5 a6 38. Kxe4 Bg2+ 39. Kd4 Kg7 40. Kc5
Kf6 41. Nxc6 g5 42. hxg5+ Kxg5 43. Ne5 Kf4 44. Kd4 Bb7 45. b4 Bc8 46. c4 Bxg4
47. Nxg4 Kxg4 48. c5 h5 49. c6 h4 50. c7 1-0

[Event "Tradewise Gibraltar AmatWk2"]
[Site "Gibraltar"]
[Date "2017.01.30"]
[Round "3.20"]
[White "Kuenitz, Klaus"]
[Black "Gough, Theo"]
[Result "1-0"]
[WhiteElo "1690"]
[BlackElo "1330"]
[PlyCount "97"]
[EventDate "2017.01.28"]
[EventType "swiss"]
[EventRounds "5"]
[EventCountry "GGB"]
[SourceTitle "BritBase"]
[Source "www.saund.co.uk"]
[SourceDate "2018.02.10"]
[SourceVersion "1"]
[SourceVersionDate "2018.02.10"]
[SourceQuality "1"]

1. d4 d5 2. c4 c6 3. cxd5 cxd5 4. Nc3 Nf6 5. Bf4 Bf5 6. Nf3 Nc6 7. e3 e6 8. Bb5
a6 9. Ba4 b5 10. Bc2 Bxc2 11. Qxc2 Bd6 12. Nxb5 Nb4 13. Nxd6+ Ke7 14. Qd2 Qa5
15. O-O Ne4 16. Nxe4 dxe4 17. Ne5 Rac8 18. a3 f6 19. axb4 Qb5 20. Ra5 Qb7 21.
Rc5 fxe5 22. Bxe5 Kf7 23. Rfc1 Rxc5 24. Rxc5 Rc8 25. Qc3 Rxc5 26. Qxc5 Qd7 27.
h4 Qb7 28. Qc7+ Qxc7 29. Bxc7 Ke7 30. f3 exf3 31. gxf3 g6 32. Kf2 Kf6 33. e4
Ke7 34. Ke3 Kd7 35. Be5 Kc6 36. Kf4 Kb5 37. d5 exd5 38. exd5 Kb6 39. Kg5 Kb5
40. Kf6 Kxb4 41. d6 Kc4 42. d7 Kd3 43. d8=Q+ Ke3 44. Qa8 Kf2 45. Qe4 h5 46.
Bd4+ Kg3 47. Kg5 Kh3 48. Qe2 a5 49. Be5 1-0

[Event "Tradewise Gibraltar AmatWk2"]
[Site "Gibraltar"]
[Date "2017.01.30"]
[Round "3.21"]
[White "Jimenez Urquijo, Juan Manuel"]
[Black "Kearsley, Raymond J"]
[Result "0-1"]
[WhiteElo "1541"]
[BlackElo "1687"]
[PlyCount "68"]
[EventDate "2017.01.28"]
[EventType "swiss"]
[EventRounds "5"]
[EventCountry "GGB"]
[SourceTitle "BritBase"]
[Source "www.saund.co.uk"]
[SourceDate "2018.02.10"]
[SourceVersion "1"]
[SourceVersionDate "2018.02.10"]
[SourceQuality "1"]

1. e4 c5 2. f4 e6 3. Nf3 a6 4. Nc3 Nc6 5. d3 d5 6. d4 dxe4 7. Nxe4 cxd4 8. Nxd4
Qxd4 9. Qxd4 Nxd4 10. Bd3 Nf6 11. Nxf6+ gxf6 12. Be3 Nc6 13. Bb6 Bd7 14. O-O-O
Nb4 15. Be4 Bc6 16. Rhe1 Bxe4 17. Rxe4 Be7 18. f5 e5 19. c3 Nc6 20. Re3 Rc8 21.
Red3 Rg8 22. Rh3 Rg7 23. Be3 Rd8 24. Rd2 Rxd2 25. Bxd2 Bc5 26. Rh6 Ke7 27. b4
Bd6 28. g3 Kd7 29. a3 Ne7 30. g4 Rxg4 31. Rxh7 Ke8 32. Bh6 Nxf5 33. Rh8+ Kd7
34. Bd2 e4 0-1

[Event "Tradewise Gibraltar AmatWk2"]
[Site "Gibraltar"]
[Date "2017.01.30"]
[Round "3.26"]
[White "Ramesh, Balasubramanian"]
[Black "Dhanwani, Aryan"]
[Result "1-0"]
[WhiteElo "1646"]
[BlackElo "1072"]
[PlyCount "63"]
[EventDate "2017.01.28"]
[EventType "swiss"]
[EventRounds "5"]
[EventCountry "GGB"]
[SourceTitle "BritBase"]
[Source "www.saund.co.uk"]
[SourceDate "2018.02.10"]
[SourceVersion "1"]
[SourceVersionDate "2018.02.10"]
[SourceQuality "1"]

1. d4 Nf6 2. Bf4 d6 3. e3 g6 4. Nf3 Bg7 5. Be2 O-O 6. O-O Bf5 7. h3 Nbd7 8. c4
Be4 9. Nbd2 Bxf3 10. Nxf3 Re8 11. Qb3 b6 12. Rad1 c5 13. Rfe1 Qc7 14. Bh2 Ne4
15. Bd3 Ndf6 16. Qc2 cxd4 17. exd4 Nxf2 18. Qxf2 Qc6 19. Kh1 Bh6 20. Re2 Rab8
21. Rde1 Rb7 22. b3 Kf8 23. a4 a5 24. c5 Qd5 25. cxd6 Qxb3 26. Bb5 Qb4 27. Bxe8
Kxe8 28. Rxe7+ Rxe7 29. Rxe7+ Kf8 30. Ne5 Qb1+ 31. Bg1 Ne4 32. Qxf7# 1-0

[Event "Tradewise Gibraltar AmatWk2"]
[Site "Gibraltar"]
[Date "2017.01.30"]
[Round "3.27"]
[White "Mahtani, Johan"]
[Black "Hunt, Caro"]
[Result "0-1"]
[WhiteElo "1166"]
[BlackElo "1631"]
[PlyCount "92"]
[EventDate "2017.01.28"]
[EventType "swiss"]
[EventRounds "5"]
[EventCountry "GGB"]
[SourceTitle "BritBase"]
[Source "www.saund.co.uk"]
[SourceDate "2018.02.10"]
[SourceVersion "1"]
[SourceVersionDate "2018.02.10"]
[SourceQuality "1"]

1. d4 e5 2. dxe5 Nc6 3. Nf3 Qe7 4. Nc3 Nxe5 5. Nxe5 Qxe5 6. Qd5 Qxd5 7. Nxd5
Bd6 8. Bf4 Bxf4 9. Nxf4 c6 10. O-O-O d5 11. e3 Nf6 12. Bd3 O-O 13. f3 Re8 14.
Rhe1 Bd7 15. g4 g5 16. Ng2 h6 17. h3 Re7 18. c3 Rae8 19. Bc2 c5 20. Re2 Bc6 21.
Rdd2 d4 22. e4 dxc3 23. bxc3 Nd7 24. Ne1 Ne5 25. Bb3 Kg7 26. Bd5 Rd8 27. Bxc6
Rxd2 28. Rxd2 Nxc6 29. Rd5 b6 30. Nd3 f6 31. Rd6 Na5 32. Rd5 Nc4 33. Ne1 Kf7
34. h4 Ke6 35. h5 Rd7 36. Rxd7 Kxd7 37. Nd3 Ke6 38. Kc2 Ne5 39. Nxe5 Kxe5 40.
Kd3 b5 41. a3 a5 42. c4 b4 43. axb4 axb4 44. Kc2 Kf4 45. Kb3 Kxf3 46. Ka4 Kxe4
0-1

[Event "Tradewise Gibraltar AmatWk2"]
[Site "Gibraltar"]
[Date "2017.01.30"]
[Round "3.29"]
[White "Jain, Anushree"]
[Black "Tveten, Per"]
[Result "0-1"]
[WhiteElo "1008"]
[BlackElo "1486"]
[PlyCount "78"]
[EventDate "2017.01.28"]
[EventType "swiss"]
[EventRounds "5"]
[EventCountry "GGB"]
[SourceTitle "BritBase"]
[Source "www.saund.co.uk"]
[SourceDate "2018.02.10"]
[SourceVersion "1"]
[SourceVersionDate "2018.02.10"]
[SourceQuality "1"]

1. e4 e5 2. Nf3 Nc6 3. Bb5 d6 4. O-O Nf6 5. d3 a6 6. Bc4 Be7 7. Be3 O-O 8. Nc3
Be6 9. Bd5 Bg4 10. h3 Bxf3 11. Qxf3 Qc8 12. a3 Nd4 13. Qg3 Nh5 14. Qg4 Qxg4 15.
hxg4 Nf4 16. Bxf4 exf4 17. Bxb7 Ra7 18. Bd5 Nxc2 19. Ra2 Nd4 20. a4 c6 21. Bc4
g6 22. b4 Bf6 23. b5 axb5 24. axb5 Rxa2 25. Nxa2 cxb5 26. Bd5 Rc8 27. Bb7 Rc2
28. Nb4 Rb2 29. Nc6 b4 30. Nxd4 Bxd4 31. Rc1 Bc3 32. Bc6 Rd2 33. Bb5 b3 34. f3
Bd4+ 35. Kh1 Rc2 36. Rb1 b2 37. Bc4 Rc1+ 38. Rxc1 bxc1=Q+ 39. Kh2 Qg1+ 0-1

[Event "Tradewise Gibraltar AmatWk2"]
[Site "Gibraltar"]
[Date "2017.01.31"]
[Round "4.1"]
[White "Cernuda Orejas, Victor Manuel"]
[Black "Robson, Paul E"]
[Result "1-0"]
[WhiteElo "1892"]
[BlackElo "1897"]
[PlyCount "69"]
[EventDate "2017.01.28"]
[EventType "swiss"]
[EventRounds "5"]
[EventCountry "GGB"]
[SourceTitle "BritBase"]
[Source "www.saund.co.uk"]
[SourceDate "2018.02.10"]
[SourceVersion "1"]
[SourceVersionDate "2018.02.10"]
[SourceQuality "1"]

1. c3 c5 2. d4 cxd4 3. cxd4 g6 4. Nc3 Bg7 5. e4 Nc6 6. Nf3 a6 7. d5 Ne5 8. Nxe5
Bxe5 9. f4 Bg7 10. d6 exd6 11. Bc4 Ne7 12. Qxd6 O-O 13. O-O b5 14. Bb3 Nc6 15.
e5 Qe7 16. Ne4 a5 17. Be3 Qh4 18. g3 Qh5 19. Qd1 Qh6 20. Re1 Nd8 21. f5 Qh3 22.
f6 Bh6 23. Bxh6 Qxh6 24. Nd6 Ba6 25. Qc1 Qxc1 26. Raxc1 Ne6 27. Red1 Rfd8 28.
Bxe6 fxe6 29. Rc7 Kf8 30. Ne4 Rac8 31. Rdxd7 Rxd7 32. Rxd7 Rc1+ 33. Kf2 Rc2+
34. Ke3 b4 35. Rd8+ 1-0

[Event "Tradewise Gibraltar AmatWk2"]
[Site "Gibraltar"]
[Date "2017.01.31"]
[Round "4.2"]
[White "Sandhya, Goli"]
[Black "Valladolid Martin, Fco. Jose"]
[Result "1/2-1/2"]
[WhiteElo "1745"]
[BlackElo "1897"]
[PlyCount "130"]
[EventDate "2017.01.28"]
[EventType "swiss"]
[EventRounds "5"]
[EventCountry "GGB"]
[SourceTitle "BritBase"]
[Source "www.saund.co.uk"]
[SourceDate "2018.02.10"]
[SourceVersion "1"]
[SourceVersionDate "2018.02.10"]
[SourceQuality "1"]

1. e4 e5 2. Nf3 Nc6 3. Bc4 Bc5 4. O-O Nf6 5. d3 h6 6. c3 d6 7. Bb3 Bg4 8. Be3
Bb6 9. h3 Bh5 10. Nbd2 g5 11. Bxb6 axb6 12. Qc2 g4 13. hxg4 Bxg4 14. Rfe1 Ne7
15. d4 Ng6 16. dxe5 dxe5 17. Re3 h5 18. Ne1 h4 19. f3 Bd7 20. Nd3 Nh5 21. Kf2
Qg5 22. Rg1 Qg3+ 23. Ke2 h3 24. Nf1 h2 25. Rh1 Qxg2+ 26. Nf2 Nhf4+ 27. Kd1 Nh3
28. Rxh2 Qxf1+ 29. Re1 Nxf2+ 30. Rxf2 Qh3 31. Kc1 Be6 32. Qd3 Ke7 33. Qb5 Bxb3
34. Qb4+ Kf6 35. Qxb3 Qe6 36. c4 Rhd8 37. a3 Nf4 38. Rh2 Rd4 39. Rh6+ Ng6 40.
Kb1 Qxc4 41. Qe3 Qd3+ 42. Ka2 Qxe3 43. Rxe3 Rad8 44. Rc3 c5 45. Rb3 R8d6 46.
Rb5 Rd3 47. a4 Rxf3 48. a5 Re3 49. axb6 Rxe4 50. Rxc5 Rxb6 51. Rh7 Rc6 52. Rd5
Rd4 53. Rb5 b6 54. Rb3 e4 55. Re3 Ke6 56. Rh6 Ke5 57. Rh5+ f5 58. Rb3 Rd3 59.
Rb5+ Rc5 60. Rxb6 Nf4 61. Rh8 e3 62. Re8+ Kd4 63. Rb4+ Rc4 64. Rb5 Nd5 65. Rd8
Ke4 1/2-1/2

[Event "Tradewise Gibraltar AmatWk2"]
[Site "Gibraltar"]
[Date "2017.01.31"]
[Round "4.3"]
[White "Lochte, Szilvia"]
[Black "Ansari, Athar"]
[Result "0-1"]
[WhiteElo "1829"]
[BlackElo "1887"]
[PlyCount "72"]
[EventDate "2017.01.28"]
[EventType "swiss"]
[EventRounds "5"]
[EventCountry "GGB"]
[SourceTitle "BritBase"]
[Source "www.saund.co.uk"]
[SourceDate "2018.02.10"]
[SourceVersion "1"]
[SourceVersionDate "2018.02.10"]
[SourceQuality "1"]

1. d4 Nf6 2. Nf3 e6 3. Bf4 h6 4. e3 Nh5 5. Bg3 Nxg3 6. hxg3 b6 7. Bd3 Bb7 8.
Nbd2 c5 9. c3 Nc6 10. a3 d5 11. b4 cxd4 12. cxd4 Bd6 13. Rc1 O-O 14. O-O Rc8
15. Qa4 a5 16. b5 Nb8 17. Qb3 Qe7 18. a4 Ba3 19. Ra1 Bb4 20. Rac1 Nd7 21. e4
Nf6 22. Qb1 Bxd2 23. Nxd2 dxe4 24. Nxe4 Rfd8 25. Rxc8 Bxc8 26. Qb2 Bb7 27.
Nxf6+ Qxf6 28. Rd1 g6 29. Be2 Rc8 30. Qd2 Kg7 31. Qe3 Rc2 32. Rd2 Rc8 33. Kh2
Bd5 34. Rd1 Qf5 35. Qe5+ Qxe5 36. dxe5 Rc2 0-1

[Event "Tradewise Gibraltar AmatWk2"]
[Site "Gibraltar"]
[Date "2017.01.31"]
[Round "4.4"]
[White "Skalli, Taoufik"]
[Black "Wilson, Matthew R"]
[Result "1-0"]
[WhiteElo "1864"]
[BlackElo "1791"]
[PlyCount "77"]
[EventDate "2017.01.28"]
[EventType "swiss"]
[EventRounds "5"]
[EventCountry "GGB"]
[SourceTitle "BritBase"]
[Source "www.saund.co.uk"]
[SourceDate "2018.02.10"]
[SourceVersion "1"]
[SourceVersionDate "2018.02.10"]
[SourceQuality "1"]

1. e4 c5 2. Nf3 e6 3. Nc3 a6 4. Be2 Be7 5. O-O b5 6. d4 cxd4 7. Qxd4 f6 8. Be3
Nc6 9. Qd2 Bb7 10. Rad1 d6 11. a4 b4 12. Na2 Qa5 13. b3 h5 14. Bc4 Kf7 15. Nc1
Nh6 16. Nd3 g5 17. h4 Rag8 18. Bxe6+ Kxe6 19. Nc5+ Kf7 20. Nxb7 Qc7 21. Qd5+
Kg6 22. hxg5 Ng4 23. Nh4+ Kg7 24. Nf5+ Kf8 25. Nbxd6 Bxd6 26. Qxd6+ Qxd6 27.
Rxd6 Nxe3 28. fxe3 Ne7 29. Rd8+ Kf7 30. Nh6+ Rxh6 31. Rxg8 Nxg8 32. gxh6 Nxh6
33. Rd1 Ng4 34. Rd6 Nxe3 35. Rc6 a5 36. Kf2 Nd1+ 37. Ke2 Nc3+ 38. Kd3 Nd1 39.
Rc5 1-0

[Event "Tradewise Gibraltar AmatWk2"]
[Site "Gibraltar"]
[Date "2017.01.31"]
[Round "4.5"]
[White "Diaz Gallego, Saul"]
[Black "Garcia-Blazquez Perez, Manuel"]
[Result "0-1"]
[WhiteElo "1700"]
[BlackElo "1851"]
[PlyCount "74"]
[EventDate "2017.01.28"]
[EventType "swiss"]
[EventRounds "5"]
[EventCountry "GGB"]
[SourceTitle "BritBase"]
[Source "www.saund.co.uk"]
[SourceDate "2018.02.10"]
[SourceVersion "1"]
[SourceVersionDate "2018.02.10"]
[SourceQuality "1"]

1. d4 f5 2. c4 g6 3. Nc3 Nf6 4. Bf4 Bg7 5. Nf3 O-O 6. g3 d6 7. Bg2 Nh5 8. Bd2
Nc6 9. d5 Ne5 10. Nxe5 dxe5 11. e4 f4 12. Bf3 Nf6 13. gxf4 exf4 14. e5 Nd7 15.
e6 Ne5 16. Qe2 c6 17. h4 b5 18. h5 bxc4 19. hxg6 hxg6 20. Be4 cxd5 21. Nxd5
Bxe6 22. Nxf4 Bg4 23. f3 Bf5 24. Bd5+ e6 25. Bxa8 Qxa8 26. O-O Nd3 27. Nxd3
cxd3 28. Qe3 Bxb2 29. Rab1 Bg7 30. Rb3 Qd8 31. Qg5 Bf6 32. Qh6 Qc7 33. Qh2 Bd4+
34. Kg2 Be5 35. Qh6 Bg7 36. Qh2 Qc2 37. Qf4 Bh3+ 0-1

[Event "Tradewise Gibraltar AmatWk2"]
[Site "Gibraltar"]
[Date "2017.01.31"]
[Round "4.6"]
[White "Rios Gonzalez, Jose Antonio"]
[Black "Shehzad, Shazil"]
[Result "1/2-1/2"]
[WhiteElo "1847"]
[BlackElo "1783"]
[PlyCount "41"]
[EventDate "2017.01.28"]
[EventType "swiss"]
[EventRounds "5"]
[EventCountry "GGB"]
[SourceTitle "BritBase"]
[Source "www.saund.co.uk"]
[SourceDate "2018.02.10"]
[SourceVersion "1"]
[SourceVersionDate "2018.02.10"]
[SourceQuality "1"]

1. d4 Nf6 2. Nf3 e6 3. c4 Bb4+ 4. Bd2 Qe7 5. g3 O-O 6. Bg2 Nc6 7. O-O Bxd2 8.
Nbxd2 d6 9. e4 e5 10. d5 Nb8 11. Ne1 a5 12. Nd3 Nfd7 13. Qc2 Na6 14. a3 Ndc5
15. Nxc5 Nxc5 16. b4 Na6 17. Qc3 f5 18. exf5 Bxf5 19. Rae1 Qd7 20. f4 exf4 21.
Rxf4 1/2-1/2